| 000 | 00709nam a22001337a 4500 | ||
|---|---|---|---|
| 040 | _cRUA | ||
| 082 | _aAVM SOM 2010 B095 Or.1 | ||
| 100 | _aSOM RATANAK KETHYA | ||
| 245 | _aEffect of energy feed utilization on growth performance of local chiken at celagrid, (ឥទ្ធិពលនៃការប្រើប្រាស់ប្រភេទចំណីផ្ដល់ថាមពលទៅលើការលូតលាស់របស់មាន់ក្នុងស្រុកនៅសែលអាគ្រីត) | ||
| 260 |
_aphnom penh _brua _c2010 |
||
| 300 |
_aviii, 34p. _bill. _c29cm. |
||
| 856 | _uhttps://drive.google.com/file/d/1_JJ8WxI0D75lbuBcqzc6ZIdV7mHNZN3d/view?usp=sharing | ||
| 942 | _cAVM | ||
| 999 |
_c2438 _d2438 |
||